Statistics for European Capitals in Alphabetical Order

Click here to take the quiz!

General Stats

  • This quiz has been taken 509 times
  • The average score is 32 of 45

Answer Stats

Capital% Correct
Amsterdam
97%
Berlin
89%
Andorra la Vella
89%
Athens
88%
Bern
86%
Brussels
84%
Bratislava
83%
Budapest
83%
Copenhagen
82%
Belgrade
81%
Bucharest
81%
Dublin
76%
Zagreb
74%
Warsaw
72%
Chisinau
72%
Helsinki
71%
London
71%
Vilnius
71%
Lisbon
70%
Madrid
70%
Vienna
70%
Oslo
70%
Minsk
67%
Prague
67%
Vaduz
67%
Valletta
66%
Rome
65%
Vatican City
65%
Riga
65%
Kiev
65%
Paris
65%
Luxembourg
65%
Ljubljana
65%
Stockholm
64%
Monaco
64%
Sarajevo
62%
Tallinn
62%
Tirana
62%
Podgorica
62%
Moscow
62%
San Marino
61%
Pristina
61%
Sofia
58%
Skopje
57%
Reykjavik
55%

Score Distribution

Percentile by Number Answered

Percent of People with Each Score

Your Score History

You have not taken this quiz